000 00315nam a2200145Ia 4500
100 _aGokhale/ M.Y./ Narasimhan
942 _cBK
654 _amathematics I
245 _aApplied Mathematics-I
260 _bNirali prakashan
_c1999
082 _a519
_bGOK/NAR
300 _a478
546 _aENGLISH
999 _c21704
_d21704